| 000 | 01271nam a2200229Ia 4500 | ||
|---|---|---|---|
| 003 | Ost | ||
| 005 | 20260507075112.0 | ||
| 008 | 260507s9999||||xx |||||||||||||| ||und|| | ||
| 040 | _cfsecg | ||
| 041 | _aara | ||
| 082 | _a338.5 | ||
| 100 |
_aعبد الرحمن ، اسماعيل _eمؤلف |
||
| 245 | 0 |
_aمفاهيم أساسية في علم الاقتصاد : الاقتصاد الكلي / _c اسماعيل عبد الرحمن |
|
| 260 |
_aعمان: _bدار وائل للطباعة والنشر, _c1999 |
||
| 300 | _a صفحة؛ | ||
| 504 | _aمراجع ص.489 | ||
| 520 | _aطبيعة علم الاقتصاد و حسابات الدخل القومي و نظرية الاستهلاك و تخطيط الاستثمار و نظرية الادخار و البطالة و التضخم و السياسة المالية و النقود و المصارف و التجارة الخارجية و ميزان المدفوعات و التنمية الاقتصادية و النمو الاقتصادي و كدا التخطيط الاقتصادي و أخيرا التكامل الاقتصادي. | ||
| 653 | _aالاقتصاد | ||
| 653 | _aالاقتصاد الجزئي | ||
| 700 |
_aعريقات، حربي محمد موسى _eمؤلف ثانوي |
||
| 942 | _cكتاب | ||
| 999 |
_c42926 _d42926 |
||